Teoría del conocimiento /

Zapisane w:
Opis bibliograficzny
1. autor: Hessen, Johannes (autor)
Format: Książka
Język:hiszpański
Wydane: México : Editores Mexicanos Unidos, 1993, c1993
Etykiety: Dodaj etykietę
Nie ma etykietki, Dołącz pierwszą etykiete!

MARC

LEADER 00000nam^a2200000^a^4500
001 000594958
005 20250521000000.0
009 20260310133037.804
020 |a 968-15-0250-7 
037 |a Acervo Xavier Clavigero 
041 |a ESP 
091 |a FDU. 00296 
100 |a Hessen, Johannes  |e (autor) 
240 1 1 |a [Teoría del conocimiento, de Johannes Hessen] 
245 1 0 |a Teoría del conocimiento / 
264 4 |a México :  |b Editores Mexicanos Unidos,  |c 1993, c1993 
300 |a 183 p. 
336 |a texto  |b txt  |2 rdacontenido 
337 |a sin mediación  |b n  |2 rdamedio 
338 |a volumen  |b nc  |2 rdasoporte 
649 |a XX 
910 |a Fondo Víctor Raúl Durana Valerio S.J. 
920 |a Impresos - Libros 
930 |a Fondos Especiales 
905 |a 116 
901 |a 595037-10  |b IT2  |c ESP  |i D3633  |u 20250521 
902 |a https://opac.biblio.iteso.mx/vufind/Record/000594958